| 000 | 00000nam##2200000za#4500 |
| 001 | 9.636697 |
| 003 | CaOODSP |
| 005 | 20210624220844 |
| 007 | cr ||||||||||| |
| 008 | 150407|2009||||xxc|||||o f|0| 0 fre|d |
| 020 | |a978-1-100-92333-8 |
| 040 | |aCaOODSP|bfre |
| 043 | |an-cn--- |
| 086 | 1 |aE95-2008F-PDF |
| 110 | 1 |aCanada. |bCommission mixte internationale. |
| 245 | 10|aCommission mixte internationale - rapport annuel 2008, édition du Centenaire du Traité relatif aux eaux limitrophes |h[ressource électronique] |
| 260 | |aOttawa - Ontario : |bCommission mixte internationale |c[2009]. |
| 300 | |a50p.|bcartes, photographies |
| 590 | |a11-21-Supp|b2011-09-30 |
| 775 | 08|tInternational Joint Commission - annual report for 2008, Boundary Waters Treaty Centennial edition |w(CaOODSP)9.692429 |
| 856 | 40|ahttp://publications.gc.ca|qPDF|s10434 Ko|uhttps://publications.gc.ca/collections/collection_2011/ijc/E95-2008-fra.pdf |